| 000 | 00472nam a22001817a 4500 | ||
|---|---|---|---|
| 003 | CEME | ||
| 005 | 20210628202138.0 | ||
| 008 | 210225b xxu||||| |||| 00| 0 eng d | ||
| 020 | _a969-407-270-0 | ||
| 040 | _c. | ||
| 082 | _a954.91 KHA | ||
| 100 |
_aKhan, Muhammad Ilyas _958447 |
||
| 245 | _aPk 805 but the truth | ||
| 260 |
_aKARACHI _bROYAL BOOK _c2002 |
||
| 300 | _a277P | ||
| 650 |
_aNAWAZ SHARIF-MUSHARAF DISPUTE FLIGHT PK-805-TRUTH _958448 |
||
| 942 |
_cBK _2ddc |
||
| 999 |
_c568648 _d568648 |
||